000 00660nam a2200277Ia 4500
005 20260324145135.0
008 008 260324s9999 xx 000 0 eng d
020 _a9780203108840
037 _aEBOOK
040 _aCRL
040 _beng
040 _cCRL
041 _2eng
041 _aeng
084 _qCRL
100 _aNeil Coulbeck
_91221897
245 4 _aThe Multinational Banking Industry (RLE Banking & Finance)
260 _bTaylor and Francis
260 _c1984
365 _a
365 _b290
856 _uhttp://www.taylorfrancis.com/books/9780203108840
942 _cEBOOK
999 _c1829394
_d1829394